|
|
|
|
| LEADER |
02775cam a2200733 i 4500 |
| 001 |
nkc20203233555 |
| 003 |
CZ PrNK |
| 005 |
20200806081459.0 |
| 007 |
ta |
| 008 |
200610t20202020xr a e f 001 0acze d |
| 015 |
|
|
|a cnb003233555
|
| 020 |
|
|
|a 978-80-7651-007-4
|q (vázáno)
|
| 035 |
|
|
|a (OCoLC)1200257577
|
| 040 |
|
|
|a KLG001
|b cze
|d BOA001
|e rda
|
| 041 |
1 |
|
|a cze
|h ger
|
| 043 |
|
|
|a e-gx---
|
| 045 |
|
|
|a x-y-
|
| 072 |
|
7 |
|a 615.8
|x Fyzioterapie. Psychoterapie. Alternativní lékařství
|2 Konspekt
|9 14
|
| 080 |
|
|
|a 633.88
|2 MRF
|
| 080 |
|
|
|a 615.83+615.89
|2 MRF
|
| 080 |
|
|
|a 615.89:633.88
|2 MRF
|
| 080 |
|
|
|a [58:39]-051
|2 MRF
|
| 080 |
|
|
|a 615.8-055.2
|2 MRF
|
| 080 |
|
|
|a 929
|2 MRF
|
| 080 |
|
|
|a (430)
|2 MRF
|
| 080 |
|
|
|a (035)
|2 MRF
|
| 080 |
|
|
|a (0:82-94)
|2 MRF
|
| 100 |
1 |
|
|a Storl, Wolf-Dieter,
|d 1942-
|7 jn20010310172
|4 aut
|
| 240 |
1 |
0 |
|a Unsere grüne Kraft.
|l Česky
|
| 245 |
1 |
0 |
|a Léčivé bylinky :
|b léčitelství rodiny Storlovy /
|c Wolf-Dieter Storl, Christine Storl ; druhé vydání německého originálu Unsere grüne Kraft - das Heilwissen der Familie Storl ... přeložila Jana Bílková
|
| 246 |
3 |
0 |
|a Léčitelství rodiny Storlovy
|
| 250 |
|
|
|a Vydání první
|
| 264 |
|
1 |
|a Olomouc :
|b Fontána,
|c [2020]
|
| 264 |
|
4 |
|c ©2020
|
| 300 |
|
|
|a 144 stran :
|b barevné ilustrace ;
|c 25 cm
|
| 336 |
|
|
|a text
|b txt
|2 rdacontent
|
| 337 |
|
|
|a bez média
|b n
|2 rdamedia
|
| 338 |
|
|
|a svazek
|b nc
|2 rdacarrier
|
| 504 |
|
|
|a Obsahuje bibliografii a rejstřík
|
| 600 |
1 |
7 |
|a Storl, Wolf-Dieter,
|d 1942-
|7 jn20010310172
|2 czenas
|
| 600 |
1 |
7 |
|a Storl, Christine
|7 xx0248865
|2 czenas
|
| 648 |
|
7 |
|a 20.-21. století
|7 ch462155
|2 czenas
|
| 650 |
0 |
7 |
|a léčivé rostliny
|7 ph115198
|2 czenas
|
| 650 |
0 |
7 |
|a přírodní léčitelství
|7 ph135495
|2 czenas
|
| 650 |
0 |
7 |
|a fytoterapie
|7 ph120421
|2 czenas
|
| 650 |
0 |
7 |
|a etnobotanici
|7 ph120014
|z Německo
|y 20.-21. století
|2 czenas
|
| 650 |
0 |
7 |
|a léčitelky
|7 ph159628
|z Německo
|y 20.-21. století
|2 czenas
|
| 650 |
0 |
9 |
|a medicinal plants
|2 eczenas
|
| 650 |
0 |
9 |
|a natural healing
|2 eczenas
|
| 650 |
0 |
9 |
|a phytotherapy
|2 eczenas
|
| 650 |
0 |
9 |
|a ethnobotanists
|z Germany
|y 20th-21st centuries
|2 eczenas
|
| 650 |
0 |
9 |
|a women healers
|z Germany
|y 20th-21st centuries
|2 eczenas
|
| 655 |
|
7 |
|a příručky
|7 fd133209
|2 czenas
|
| 655 |
|
7 |
|a autobiografické vzpomínky
|7 fd131854
|2 czenas
|
| 655 |
|
9 |
|a handbooks and manuals
|2 eczenas
|
| 655 |
|
9 |
|a autobiographical reminiscences
|2 eczenas
|
| 700 |
1 |
|
|a Storl, Christine
|7 xx0248865
|4 aut
|
| 700 |
1 |
|
|a Bílková, Jana,
|d 1977-
|7 ola2006329924
|4 trl
|
| 910 |
2 |
|
|a BOA001
|b 2-1447.915
|
| 920 |
|
|
|a 1289265
|z KLG001
|
| 990 |
|
|
|a BK
|
| 995 |
|
|
|a 01
|
| 991 |
|
|
|b 202007
|c NOV
|
| 996 |
6 |
|
|b 2610830458
|c 2-1447.915
|l MZK
|r Sklad / do 1 hodiny
|n 1
|p p.v.
|w 001813548
|u 000010
|a 1
|e BOA001
|j MZK50
|s P
|